| Record ID | ia:captainsteeleear0000wint |
| Source | Internet Archive |
| Download MARC XML | https://archive.org/download/captainsteeleear0000wint/captainsteeleear0000wint_marc.xml |
| Download MARC binary | https://www.archive.org/download/captainsteeleear0000wint/captainsteeleear0000wint_meta.mrc |
LEADER: 00532cam 2200181g 4500
001 0116301379891
008 840802||||| ||| ||| |
010 $a64016314
035 $a(Sirsi) AAK-6861
035 $a22728116.C..
040 $aOPET$beng
090 0 $aPR 3706 .W5$bb
100 1 $aWinton, Calhoun.
245 10 $aCaptain Steele :$bthe early career of Richard Steele. --
260 $a[Baltimore] :$bJohns Hopkins Press,$c[1964]
300 $a225 p.
504 $aBibliographical footnotes.
600 10 $aSteele, Richard,$cSir,$d1672-1729.